| 000 | 01112nas a2200361 4500 | ||
|---|---|---|---|
| 001 | BR2014007445 | ||
| 003 | BR-BrBNA | ||
| 005 | 20231205124741.0 | ||
| 007 | ta | ||
| 008 | 230509b bl.|||p| |||| 00| 00por d | ||
| 040 |
_aBR-BrBNA _bpor _cBiblioteca Nacional de Agricultura |
||
| 041 | _a(Pt) | ||
| 072 | _aM12 | ||
| 100 | 1 | _aDruzian, J.I. | |
| 100 | 1 | _aMachado, B.A.S. | |
| 100 | 1 | _aSouza, C.O. de | |
| 100 | 1 | _aFraga, L.M. | |
| 100 | 1 | _aDuran, V. de A.A. | |
| 100 | 1 | _aBurghgrave, U.S. de | |
| 100 | 1 | _aBasto, B.L. | |
| 100 | 1 | _aAlbinati, R.C.B. | |
| 100 | 1 | _aGuimarães, J.E. | |
| 245 | 1 | _aInfluência da dieta suplementada com óleo de soja na composição centesimal e perfil lipídico de tilápias do Nilo (Oreochromis niloticus) | |
| 650 | _aTILÁPIA NILÓTICA | ||
| 650 | _aDIETA | ||
| 650 | _aGORDURA | ||
| 650 | _aÁCIDO GRAXO | ||
| 650 | _aMÚSCULO | ||
| 650 | _aPISCICULTURA | ||
| 773 | 0 |
_tRevista do Instituto Adolfo Lutz (Brazil) _xISSN 0073-9855 _g(Jan-Mar 2012), v. 71(1) p. 85-92 _wBR2014007445 |
|
| 909 |
_a202311 _bLúcia _c55 _dLúcia Elande |
||
| 942 |
_2AGRIS _n0 _cANA |
||
| 999 |
_c240701 _d240701 |
||